UBT Library

CONTEMPORARY SPORT MANAGEMENT (Record no. 59944)

000 -LEADER
fixed length control field 00339nam a22001457a 4500
008 - FIXED-LENGTH DATA ELEMENTS--GENERAL INFORMATION
fixed length control field 230613b ||||| |||| 00| 0 eng d
020 ## - INTERNATIONAL STANDARD BOOK NUMBER
International Standard Book Number 9780736081672
041 ## - LANGUAGE CODE
Language code of text/sound track or separate title eng
080 ## - UNIVERSAL DECIMAL CLASSIFICATION NUMBER
Edition identifier FOURTH EDITION
Universal Decimal Classification number 615
082 ## - DEWEY DECIMAL CLASSIFICATION NUMBER
Classification number 615PED
100 ## - Rafti
Rafti 22
101 ## - Shkurtesa
Shkurtesa MI
245 ## - TITLE STATEMENT
Title CONTEMPORARY SPORT MANAGEMENT
Statement of responsibility, etc PEDERSEN.M.P
942 ## - ADDED ENTRY ELEMENTS (KOHA)
Source of classification or shelving scheme
Item type Books
Holdings
Withdrawn status Lost status Source of classification or shelving scheme Damaged status Not for loan Collection code Permanent location Current location Date acquired Total Checkouts Full call number Barcode Date last seen Price effective from Koha item type
          Koleksioni i përgjithshem UBT - Lipjan UBT - Lipjan 06/13/2023   615PED 002-800080543 06/13/2023 06/13/2023 Books
          Koleksioni i përgjithshem UBT - Lipjan UBT - Lipjan 06/13/2023   338GLO 002-800080544 06/13/2023 06/13/2023 Books
UBT Library © 2015-2024. All rights reserved University Education for Business and Technology